<?xml version="1.0" encoding="UTF-8"?>
<record
    xmlns:xsi="http://www.w3.org/2001/XMLSchema-instance"
    xsi:schemaLocation="http://www.loc.gov/MARC21/slim http://www.loc.gov/standards/marcxml/schema/MARC21slim.xsd"
    xmlns="http://www.loc.gov/MARC21/slim">

  <leader>00991nam a2200229 a 4500</leader>
  <controlfield tag="001">000041935</controlfield>
  <controlfield tag="005">20201002035836.0</controlfield>
  <controlfield tag="008">090819s1993    sp a          000 0 spa d</controlfield>
  <datafield tag="020" ind1=" " ind2=" ">
    <subfield code="a">8400073630</subfield>
  </datafield>
  <datafield tag="040" ind1=" " ind2=" ">
    <subfield code="a">DO-SdBNP</subfield>
    <subfield code="b">spa</subfield>
    <subfield code="c">BNPHU</subfield>
  </datafield>
  <datafield tag="082" ind1=" " ind2=" ">
    <subfield code="a">xxx</subfield>
    <subfield code="b">xxx</subfield>
  </datafield>
  <datafield tag="100" ind1="1" ind2=" ">
    <subfield code="a">Mart&#xED;, Joan</subfield>
    <subfield code="9">68846</subfield>
  </datafield>
  <datafield tag="245" ind1="1" ind2="0">
    <subfield code="a">La volcanolog&#xED;a actual /</subfield>
    <subfield code="c">Joan Mart&#xED;, Vicente Ara&#xF1;a.</subfield>
  </datafield>
  <datafield tag="260" ind1=" " ind2=" ">
    <subfield code="a">Madrid :</subfield>
    <subfield code="b">CSIC,</subfield>
    <subfield code="c">1993.</subfield>
  </datafield>
  <datafield tag="300" ind1=" " ind2=" ">
    <subfield code="a">578 p. :</subfield>
    <subfield code="b">il., ;</subfield>
    <subfield code="c">25 cm.</subfield>
  </datafield>
  <datafield tag="490" ind1="1" ind2=" ">
    <subfield code="a">Nuevas tendencias</subfield>
    <subfield code="v">21</subfield>
  </datafield>
  <datafield tag="504" ind1=" " ind2=" ">
    <subfield code="a">Bibliograf&#xED;a : p. 575-578</subfield>
  </datafield>
  <datafield tag="505" ind1="t" ind2=" ">
    <subfield code="a">G&#xE9;nesis y evoluci&#xF3;n de magmas --</subfield>
    <subfield code="t">Mecanismos eruptivos --</subfield>
    <subfield code="t">Hidrovolcanismo --</subfield>
    <subfield code="t">Ignimbritas y calderas: perspectivas hist&#xF3;ricas, ideas actuales y desarrollos futuros --</subfield>
    <subfield code="t">Riesgo volc&#xE1;nico --</subfield>
    <subfield code="t">Gases volc&#xE1;nicos --</subfield>
    <subfield code="t">Vigilancia de volcanes activos: m&#xE9;todos geof&#xED;sicos y geod&#xE9;sicos --</subfield>
    <subfield code="t">Paleovolcanismo</subfield>
  </datafield>
  <datafield tag="700" ind1="1" ind2=" ">
    <subfield code="a">Ara&#xF1;a, Vicente</subfield>
    <subfield code="9">68847</subfield>
  </datafield>
  <datafield tag="710" ind1="2" ind2=" ">
    <subfield code="a">Consejo Superior de Investigaciones Cient&#xED;ficas</subfield>
    <subfield code="9">4786</subfield>
  </datafield>
  <datafield tag="830" ind1=" " ind2="0">
    <subfield code="a">Nuevas tendencias</subfield>
    <subfield code="n">21</subfield>
    <subfield code="9">68848</subfield>
  </datafield>
  <datafield tag="952" ind1=" " ind2=" ">
    <subfield code="0">0</subfield>
    <subfield code="1">0</subfield>
    <subfield code="5">0</subfield>
    <subfield code="7">1</subfield>
    <subfield code="8">MO</subfield>
    <subfield code="a">GR</subfield>
    <subfield code="b">GR</subfield>
    <subfield code="c">CT</subfield>
    <subfield code="d">2013-10-23</subfield>
    <subfield code="i">LF1</subfield>
    <subfield code="l">0</subfield>
    <subfield code="o">xxx xxx</subfield>
    <subfield code="p">41935-10</subfield>
    <subfield code="r">2020-06-25</subfield>
    <subfield code="w">2020-06-25</subfield>
    <subfield code="y">1</subfield>
    <subfield code="Z">No se presta</subfield>
  </datafield>
  <datafield tag="999" ind1=" " ind2=" ">
    <subfield code="c">41424</subfield>
    <subfield code="d">41424</subfield>
  </datafield>
</record>
